Konzert für Violine in A moll solovioline

Bibliographic Details
Main Author: Bach, Johann Sebastian, 1685-1750 (Author)
Format: Book
Language:English
PhysicalDescription:11 s.
Published: Leipzig Steingräber [s.a.]

MARC

LEADER 00000nam a2200000 a 4500
001 vtls009943394
003 SK-MaSNL
005 20260301172003.0
008 240316 000 0 eng
040 |a SNK  |b slo  |c SNK  |e AACR2 
100 1 |a Bach, Johann Sebastian,  |d 1685-1750  |4 aut  |9 99650 
245 1 |a Konzert für Violine in A moll  |b solovioline  |c Joh. Seb. Bach 
260 |a Leipzig  |b Steingräber  |c [s.a.] 
300 |a 11 s. 
999 |c 832039  |d 833969 
952 |a SNK  |b SNK  |y VYP  |7 0  |p 17A0629476  |o snkHIB 10037  |i snkK 739/78  |8 3  |3 rekatalogizácia  |0 0  |1 0  |4 0  |d 2009-08-25  |l 0  |r 2026-02-24 03:42:01  |w 2026-02-24